| 000 | 01100cam a22002054a 4500 | ||
|---|---|---|---|
| 005 | 20250605164017.0 | ||
| 008 | 250528s ||||||||||||||||||||||||d | ||
| 035 | _a16204 | ||
| 020 | _a263062716 | ||
| 040 |
_aGR-AtMCL _bgre _dGR-AtMCL _eAACR2 |
||
| 245 | 1 | _aModern Organic Chemistry | |
| 260 |
_bMills And Boon Limited, _c1980 |
||
| 300 | _a366 | ||
| 520 | _aPreface, Acknowledgements, Introduction to Organic Chemistry, Preparation and Purification of Organic Compounds, Determination of the Structure of an Organic Compound, Bonding in Organic Compound, Alkanes, Alkenes, Alkynes, Aromatic Compounds, Halogen Compounds, Alcohols and Phenols, Ethers, Aldehydes and Ketones, Carboxylic Acids, Derivatives of Crboxylic Acids, Isomerism, Amines, Nitro Compounds, Naturally Occurring Compounds, Petroleum, The Petrochemical Industry, Polymers, Appendices, Questions, Apparatus and Chemicals, Suppliers of Apparatus and Chemicals, Film Libraries, Physical Constants, Index. | ||
| 700 | 1 |
_aNorman R.O.C _92279 |
|
| 700 | 1 |
_aWaddington D. J _92280 |
|
| 942 | _cBK | ||
| 999 |
_c1735 _d1735 |
||